1827 1547 1622 1656 1115 1674 1212 1790 1161 1333 1471 1953 1275 1733 1980 1414 1283 1493 1193 1679 1716 1811 1919 1436 1273 1355 1650 1481 1218 1465 1646 1003 1841 1835 1645 1342 1866 1290 1753 1864 1495 1771 1527 1068 1464 1943 1414 1039 1443 1289 1387 1450 1785 1036 1466 1564 1118 1105 1585 1390 1708 1159 1280 1377 1072 1812 1297 1713 1000 1619 1650 1428 1516 1414 1707 1150 1138 1537 1508 1141 1579 1040 1213 1958 1502 1682 1760 1921 1642 1377 1138 1764 1837 1695 1214 1926 1789 1670 1719 BCNSPRNW ULIB Ver.6.0+V

เปลี่ยนเป็นภาษาไทย

Change to English
 แสดงรายละเอียดบรรณานุกรม
  กลับหน้าหลัก

Brief Record : Get Marc (ISO 2709) : E-mail record : QR code < ปิดหน้าต่าง
LEADER : 00000nam 2200000uu 4500
001    13399120826
003     ULIB
008    121018s2550||||th 000 0 tha d
020    ^a9789747489637
060 04 ^aWJ300^bม134อ
100 0  ^aมนู ยุวศิริกุลชัย
245 00 ^aอยู่กับไตวาย /^cมนู ยุวศิริกุลชัย
260    ^aกรุงเทพฯ :^bใกล้หมอ,^c2550
300    ^a104 หน้า
650  7 ^aไตวาย
945    ^p99^l0^i14516
945    ^p99^l0^i14517
995    ^aทศพร
999    ^aกัณชพร
รายการนี้ยังไม่มีแท็ก
คุณยังไม่ได้ล็อกอิน คุณสามารถมีกิจกรรมร่วมกับเว็บไซต์ได้ แต่ต้องล็อกอินก่อน ::
  ล็อกอิน

รายการสื่อสารสนเทศ

ลำดับที่ ประเภท เลขเรียก/บาร์โค้ด สถานที่ สถานะ
1. วิทยาศาสตร์การแพทย์ และสุขภาพ
วิทยาศาสตร์การแพทย์ และสุขภาพ
WJ300 ม134อ ฉ.1 
  Barcode: 14516
ห้องสมุดวิทยาเขตสวรรค์ประชารักษ์
►หนังสือทั่วไป
บนชั้น
2. วิทยาศาสตร์การแพทย์ และสุขภาพ
วิทยาศาสตร์การแพทย์ และสุขภาพ
WJ300 ม134อ ฉ.2 
  Barcode: 14517
ห้องสมุดวิทยาเขตสวรรค์ประชารักษ์
►หนังสือทั่วไป
บนชั้น

รายการใกล้เคียง
    ผู้แต่ง [มนู ยุวศิริกุลชัย]

    หัวเรื่อง [ไตวาย]

BibComment


ยังไม่เคยถูกคอมเมนท์

คอมเมนท์ทรัพยากรรายการนี้
  คอมเมนท์: อยู่กับไตวาย มน..


 Copyright 2026. Bcnsprnw @Library